The noble scholar, jurist, historian


 His Excellency Dr. Abdul Wahhab bin Ibrahim Abu Sulaiman, may Allah have mercy on him.


 He was born in Umm Al-Qura in the year 1356 AH.

جواهر المتنبي/ (Record no. 393)

MARC details
000 -LEADER
fixed length control field 01526cam a2200325 i 4500
003 - CONTROL NUMBER IDENTIFIER
control field SA-RiAUC
005 - DATE AND TIME OF LATEST TRANSACTION
control field 20250822140133.0
008 - FIXED-LENGTH DATA ELEMENTS--GENERAL INFORMATION
fixed length control field 240917s2012 su g 00000dara c
020 ## - INTERNATIONAL STANDARD BOOK NUMBER
International Standard Book Number 9786039027027
024 0# - OTHER STANDARD IDENTIFIER
Standard number or code 00000000295887
040 ## - CATALOGING SOURCE
Original cataloging agency KAC
Language of cataloging ara
Transcribing agency SA-RiAUC
Description conventions rda
082 04 - DEWEY DECIMAL CLASSIFICATION NUMBER
Classification number 811.5
Assigning agency SA-RiAUC
090 ## - LOCALLY ASSIGNED LC-TYPE CALL NUMBER (OCLC); LOCAL CALL NUMBER (RLIN)
Classification number (OCLC) (R) ; Classification number, CALL (RLIN) (NR) 811.5
Local cutter number (OCLC) ; Book number/undivided call number, CALL (RLIN) خ ي ا
100 1# - MAIN ENTRY--PERSONAL NAME
Personal name خياط، عبد الله عمر عبد الرحمن،
Dates associated with a name 1355 هجري-
Relator term مؤلف.
245 10 - TITLE STATEMENT
Title جواهر المتنبي/
Statement of responsibility, etc. عبد الله عمر خياط.
250 ## - EDITION STATEMENT
Edition statement الطبعة الثالثة.
264 #1 - PRODUCTION, PUBLICATION, DISTRIBUTION, MANUFACTURE, AND COPYRIGHT NOTICE
Place of production, publication, distribution, manufacture جدة [السعودية] :
Name of producer, publisher, distributor, manufacturer مطابع سحر،
Date of production, publication, distribution, manufacture, or copyright notice 2012
300 ## - PHYSICAL DESCRIPTION
Extent 317 صفحة ؛
Dimensions 24 × 17 سم.
336 ## - CONTENT TYPE
Content type term نص
Content type code txt
Source rdacontent
Materials specified كتاب
337 ## - MEDIA TYPE
Media type term بدون وسيط
Media type code n
Source rdamedia
338 ## - CARRIER TYPE
Carrier type term مجلد
Carrier type code nc
Source rdacarrier
490 1# - SERIES STATEMENT
Series statement المجموعة الكاملة ؛
Volume/sequential designation (3)
500 ## - GENERAL NOTE
General note اهداء من المؤلف
505 0# - FORMATTED CONTENTS NOTE
Formatted contents note المحتويات : مقدمة-من هو المتنبي ؟ !-عهد الصبا وشرخ الشباب-في رحاب سيف الدولة-على ضفاف النيل-بين ماء الرافدين-دور متفرقة-الخاتمة.
600 17 - SUBJECT ADDED ENTRY--PERSONAL NAME
Personal name أبو الطيب المتنبي، أحمد بن الحسين بن الحسن،
Dates associated with a name 303-354 هجري
General subdivision نقد وتفسير
Source of heading or term aucnm
650 #7 - SUBJECT ADDED ENTRY--TOPICAL TERM
Topical term or geographic name entry element الشعر العربي
General subdivision تاريخ ونقد
Chronological subdivision العصر العباسي الثاني
Source of heading or term aucsh
830 #2 - SERIES ADDED ENTRY--UNIFORM TITLE
Uniform title المجموعة الكاملة
Volume/sequential designation (3)
942 ## - ADDED ENTRY ELEMENTS (KOHA)
Source of classification or shelving scheme Dewey Decimal Classification
Koha item type Books
949 ## - LOCAL PROCESSING INFORMATION (OCLC)
a SA-JeALM
d 240917
u mohamedma123
n 1
Holdings
Withdrawn status Lost status Source of classification or shelving scheme Damaged status Not for loan Home library Current library Date acquired Total checkouts Full call number Barcode Date last seen Price effective from Koha item type Collection
    Dewey Decimal Classification     DR AbdElwahab Library DR AbdElwahab Library 09/17/2024   811.5 خ ي ا 000000435 09/17/2024 09/17/2024 Books  
    Dewey Decimal Classification     DR AbdElwahab Library DR AbdElwahab Library 04/11/2025   811.5 خ ي ا 000011544 04/11/2025 04/11/2025 Books  
    Dewey Decimal Classification     DR AbdElwahab Library DR AbdElwahab Library 08/22/2025   811.5 خ ي ا 000017892 08/22/2025 08/22/2025 Books اهداء